Every NHL Team's Greatest Head Coach Ever - Statistics

General Stats
  • This quiz has been taken 14 times
  • The average score is 15 of 32
Answer Stats
Team Years Coached Name % Correct
Panthers 2022-Present Paul Maurice
83%
Jets/Thrashers 2014-2021 Paul Maurice
83%
Red Wings 1993-2002 Scotty Bowman
83%
Predators 1998-2014 Barry Trotz
67%
Capitals 2014-2018 Barry Trotz
67%
Lightning 2013-Present Jon Cooper
67%
Sabres 1997-2013, 2024-Present Lindy Ruff
67%
Penguins 2015-2025 Mike Sullivan
67%
Hurricanes/Whalers 2018-Present Rod Brind'Amour
67%
Kings 2011-2017 Darryl Sutter
58%
Oilers 1976-1980, 1980-1989, 1993-1994 Glen Sather
58%
Blackhawks 2008-2018 Joel Quenneville
58%
Islanders 1973-1986, 1988-1994 Al Arbour
50%
Avalanche/Nordiques 2016-Present Jared Bednar
50%
Blue Jackets 2015-2021 John Tortorella
50%
Golden Knights 2022-Present Bruce Cassidy
42%
Blues 2018-2023 Craig Berube
42%
Wild 2000-2009 Jacques Lemaire
42%
Devils 1993-1998, 2009-2011 Jacques Lemaire
42%
Ducks 2005-2011, 2016-2019 Randy Carlyle
42%
Canadiens 1955-1968 Toe Blake
42%
Canucks 2006-2013 Alain Vigneault
33%
Flyers 1971-1978 Fred Shero
33%
Stars/North Stars 1996-2002, 2017-2018 Ken Hitchcock
33%
Maple Leafs 1959-1969, 1980 Punch Imlach
33%
Kraken 2021-2024 Dave Hakstol
25%
Mammoth (Jets/Coyotes) 2009-2017 Dave Tippett
25%
Sharks 2008-2015 Todd McLellan
25%
Bruins 1924-1934, 1936-1939,1941-1945 Art Ross
17%
Flames 1982-1987 Bob Johnson
17%
Senators 1996-2002 Jacques Martin
17%
Rangers 1926-1939 Lester Patrick
8%
No matching quizzes found
Score Distribution
Percent of People with Each Score
Percentile by Number Answered
Your Score History
You have not taken this quiz